000 00709nam a2200217Ia 4500
001 7262
003 GE_BSU
008 181216s||||||||xx |||||||||||||| ||und||
040 _cGE_BSU
080 _a622.245
100 _aВаршадомидзе,Г.Х.
245 _aПроблемы механики бурения нефтяных и газовых скважин.
245 _cРед.Ц.Мирцхулава.
260 _aБатуми.
260 _bАджара.
260 _c2003.
300 _a438стр.24см.библиогр.:стр.425-435.
541 _h10л.
653 _aПроблемы механики бурения нефтяных и газовых скважин.
942 _cBK
999 _c40634
_d40634